| 000 | 00472nam a2200205Ia 4500 | ||
|---|---|---|---|
| 008 | 170918s9999 xx 000 0 und d | ||
| 020 | _a9780531218297 | ||
| 050 | _bN555 2008 | ||
| 100 | _aNewman, Sandra | ||
| 245 | _aEurope / | ||
| 245 | _cSandra Newman. | ||
| 260 | _aNew York : | ||
| 260 | _bChildren's Press, | ||
| 260 | _c2008 | ||
| 300 | _a48 pages : | ||
| 300 | _bcolored illustration ; | ||
| 300 | _c21cm. | ||
| 440 | _aA true book. | ||
| 500 | _a780 | ||
| 999 |
_c342147 _d342147 |
||